Score 0/78 Timer 08:00
1 Play Today
% Correct
Bourne
92.9%
Borneo
92.6%
Björn
92.1%
Carrie
91.7%
Hockey
90.5%
Gordon
90.1%
Fonz
89.9%
Either
89.8%
Dundee
89.7%
Money
89.6%
Neil
89.3%
Kiln
88.7%
Ludicrous
88.6%
Esther
88.4%
Jamboree
88.3%
Antipathy
88.2%
Ether
88%
Virgo
87.9%
Tinker Bell
87.9%
Lutefisk
87.8%
Franz
87.8%
Tinky Winky
87.8%
Volvo
87.7%
Vino
87.7%
Ochre
87.6%
Orca
87.5%
Tinkertoys
87.4%
Jumanji
87.3%
Icarus
87.3%
Risk
87.3%
Sangria
87.2%
Manet
86.9%
Rick's
86.9%
Kili
86.9%
Santana
86.8%
Windsor
86.8%
Gondor
86.3%
Kilo
86.2%
Uncle
86.1%
% Correct
Okra
86.1%
U.N.C.L.E.
86%
Quinoa
85.9%
Dunphy
85.7%
Yorkie
85.6%
Jujube
85%
Niall
84.7%
Hokie
84.7%
Quinn
84.5%
Ludacris
84.5%
Urkel
84.4%
Gorgon
83.9%
Winter
83.5%
Antimony
83.4%
Monet
83.1%
Ichabod
82.6%
RISC
82.6%
X
82.6%
Niels
82.4%
Santeria
80.4%
Antigone
79.7%
Fitz
79%
Yorke
78.6%
Issachar
78.3%
Winger
76.8%
Prim
76.1%
Hokey
75.8%
Carey
75%
xXx
73.3%
Zoe
72.9%
Cary
72.6%
Prynne
69.5%
Pym
67.6%
Xx
66.9%
Zoey
66.3%
York
66%
Dundie
65.6%
Quint
58%
Zooey
57.5%
Remove Ads.
Support Sporcle.
Get the best of Sporcle when you Go Orange. This ad-free experience offers more features, more stats, and more fun while also helping to support Sporcle. Thank you for becoming a member.

You're not logged in!

Compare scores with friends on all Sporcle quizzes.
OR
Log In

Show Comments

Extras

Top Quizzes Today


Score Distribution

Your Account Isn't Verified!

In order to create a playlist on Sporcle, you need to verify the email address you used during registration. Go to your Sporcle Settings to finish the process.

Report this User

Report this user for behavior that violates our Community Guidelines.

Details: